[Event "IECC TH-M email"]
[Site "IECC email"]
[Date "2002.05.26"]
[Round "?"]
[White "Scott, David C"]
[Black "Smith, Sid S"]
[Result "1/2-1/2"]
[WhiteElo "838"]
[BlackElo "929"]
[PlyCount "49"]
[EventDate "2002.??.??"]
[EventType "match (corr)"]
[EventRounds "2"]
[SourceTitle "Corr 2008"]
[Source "ChessBase"]
[SourceDate "2008.06.24"]
[SourceVersion "1"]
[SourceVersionDate "2008.06.24"]
[SourceQuality "1"]

1. e4 e6 2. d4 d5 3. Nc3 Bb4 4. Nge2 dxe4 5. a3 Bxc3+ 6. Nxc3 Nc6 7. Bb5 Nge7 8. Bg5 f6 9. Be3 0-0 10. Qd2 f5 11. 0-0-0 a6 12. Bxc6 Nxc6 13. f3 exf3 14. gxf3 e5 15. dxe5 Qxd2+ 16. Rxd2 Nxe5 17. f4 Nc4 18. Rd3 Nxe3 19. Rxe3 Rd8 20. Rhe1 Bd7 21. Re7 Kf8 22. Nd5 Re8 23. Nxc7 Rxe7 24. Rxe7 Kxe7 25. Nxa8 1/2-1/2

[Event "IECC TH-M email"]
[Site "IECC email"]
[Date "2002.05.26"]
[Round "?"]
[White "Smith, Sid S"]
[Black "Scott, David C"]
[Result "1-0"]
[WhiteElo "916"]
[BlackElo "866"]
[PlyCount "33"]
[EventDate "2002.??.??"]
[EventType "match (corr)"]
[EventRounds "2"]
[SourceTitle "Corr 2008"]
[Source "ChessBase"]
[SourceDate "2008.06.24"]
[SourceVersion "1"]
[SourceVersionDate "2008.06.24"]
[SourceQuality "1"]

1. e4 e6 2. d4 d5 3. Nc3 Bb4 4. e5 c5 5. a3 Bxc3+ 6. bxc3 Ne7 7. Qg4 0-0 8. Bd3 Nbc6 9. Qh5 Ng6 10. Nf3 Qa5 11. 0-0 Re8 12. dxc5 Qxc5 13. Ng5 d4 14. Qxh7+ Kf8 15. Bxg6 Qxe5 16. Nxf7 Ke7 17. Nxe5 1-0

[Event "IECC CL8-2001.16"]
[Site "IECC email"]
[Date "2001.06.30"]
[Round "?"]
[White "Turko, Sergey Ivanovich"]
[Black "Smith, Sid S"]
[Result "1-0"]
[WhiteElo "1016"]
[BlackElo "953"]
[PlyCount "45"]
[EventDate "2001.??.??"]
[EventType "tourn (corr)"]
[EventRounds "4"]
[SourceTitle "Corr 2008"]
[Source "ChessBase"]
[SourceDate "2008.06.24"]
[SourceVersion "1"]
[SourceVersionDate "2008.06.24"]
[SourceQuality "1"]

1. c4 e5 2. Nc3 Nf6 3. g3 Nc6 4. Bg2 Bc5 5. a3 0-0 6. e3 d6 7. Nge2 Bg4 8. 0-0 Qd7 9. b4 Bb6 10. Bb2 a6 11. Ne4 d5 12. Nxf6+ gxf6 13. Bxd5 Nd8 14. d4 c5 15. dxe5 fxe5 16. Bxe5 Qf5 17. Bd6 Re8 18. bxc5 Ba5 19. Qa4 Qd7 20. Qxa5 Bxe2 21. Rfe1 Bg4 22. f3 Bh3 23. e4 1-0

[Event "IECC CL7-2001.01"]
[Site "IECC email"]
[Date "2001.01.02"]
[Round "?"]
[White "Smith, Sid S"]
[Black "Mitchell, TT."]
[Result "1-0"]
[WhiteElo "894"]
[BlackElo "974"]
[PlyCount "55"]
[EventDate "2001.??.??"]
[EventType "tourn (corr)"]
[EventRounds "4"]
[SourceTitle "Corr 2008"]
[Source "ChessBase"]
[SourceDate "2008.06.24"]
[SourceVersion "1"]
[SourceVersionDate "2008.06.24"]
[SourceQuality "1"]

1. e4 c6 2. d4 f6 3. Nf3 d6 4. Nc3 Bg4 5. Be2 Bxf3 6. Bxf3 g6 7. 0-0 Bg7 8. Be3 Nd7 9. Ne2 e6 10. c4 Qb6 11. b3 0-0-0 12. d5 Qa6 13. dxe6 Ne5 14. Nd4 Nxf3+ 15. Nxf3 Ne7 16. Bf4 Kc7 17. c5 Nc8 18. Re1 Rhe8 19. cxd6+ Nxd6 20. Qe2 b5 21. e5 Rxe6 22. exd6+ Rexd6 23. Qe7+ R8d7 24. Bxd6+ Kc8 25. Qe8+ Rd8 26. Qe6+ Rd7 27. h3 c5 28. Rad1 1-0